00455 2200157 4500245011700000020002200117250001100139100001900150650000900169005001900178260004100197041001400238084001000252300002600262336000900288 aMenjadi Guru Super Memberdayakan Diri untuk Kemajuan Pendidikan Agama dan Bangsa Zaman NowcAhmad FahrudinhText a978-623-00-0032-4 aCet. 1 aAhmad Fahrudin aGuru a20230210140754 aJakartabElex Media Komputindoc2019 aIndonesia a371.1 ax, 197 hlm. :c21 cm. atext